000 00660nam a2200205Ia 4500
020 _a9251053766
040 _cOSU
082 _a639 FOO 2005 A056 Or.
245 0 0 _aResponsible fish trade and food security /
260 _aRome :
_bFood and Agriculture Organization of the United Nations,
_cc2005
300 _avii, 102 p. :
_bill. ;
_c30 cm
650 0 _aFish trade
650 0 _aSeafood industry
650 0 _aFood adulteration and inspection
650 0 _aFood industry and trade
700 1 _aKurien, John
710 2 _aFood and Agriculture Organization of the United Nations
710 2 _aNORAD Environmental Co-operation Programme
942 _cEK
999 _c15731
_d15731